000 00622nam a22001577a 4500
003 OSt
005 20150921083114.0
008 150921b xxu||||| |||| 00| 0 eng d
040 _cRUA
082 _aAGR CHE 2009 B040 Or.1
100 _9967
_aCHEA, PILONG.
245 _aEffect of diferent mulching on chinese kale crop royal university of agriculture ឥទ្ធិពលនៃគំរបទៅលើដំណាំខាត់ណាដើមនៅសាកលវិទ្យាល័យភូមិន្ទកសិកម្ម
260 _aPhnom Penh
_bRUA
_c2009
300 _axi; 44p.
_bill.
_c29cm.
942 _2ddc
_cAGR
999 _c931
_d931